Normal view MARC view

Entry Personal Name

Number of records used in: 2

001 - CONTROL NUMBER

  • control field: 540060

003 - CONTROL NUMBER IDENTIFIER

  • control field: OSt

005 - DATE AND TIME OF LATEST TRANSACTION

  • control field: 20220930080856.0

008 - FIXED-LENGTH DATA ELEMENTS

  • fixed length control field: 220930|| aca||aabn | a|a d

040 ## - CATALOGING SOURCE

  • Original cataloging agency: OSt
  • Transcribing agency: OSt

100 ## - HEADING--PERSONAL NAME

  • Personal name: Khandelwal Vipin

670 ## - SOURCE DATA FOUND

  • Source citation: Work cat.: (OSt)870572: Khandelwal Vipin, Study the incidence of ocular toxicity of ethambutol in children (3-15 years) who are on intermittent antio tubercular therapy, 2007
Copyright @ Delhi University Library System